Democracia sin demócratas y otras invenciones /
Este libro se constituye en un compendio de ensayos articulados a la construcción del concepto de democracia, en el marco de un capitalismo neoliberal que difumina y desligitima en su discurso cualquier alternativa críticamente orientada. El autor desarrolla en su primer artículo una crítica mordaz...
में बचाया:
| मुख्य लेखक: | |
|---|---|
| स्वरूप: | अज्ञात |
| भाषा: | Spanish |
| प्रकाशित: |
Madrid :
Sequitur
|
| विषय: | |
| टैग: |
टैग जोड़ें
कोई टैग नहीं, इस रिकॉर्ड को टैग करने वाले पहले व्यक्ति बनें!
|
MARC
| LEADER | 00000 a2200000 04500 | ||
|---|---|---|---|
| 001 | 39947 | ||
| 003 | cru CIDCACS/IIS | ||
| 005 | 20231128113340.0 | ||
| 008 | 050629s2007 sp spa d | ||
| 020 | |a 978-84-95363-33-6 | ||
| 040 | |c cru CIDCACS/IIS |a cru CIDCACS/IIS | ||
| 090 | |a 04.04.02 R741d | ||
| 100 | |a Roitman Rosenmann, Marcos | ||
| 245 | |a Democracia sin demócratas y otras invenciones / |c Marcos Roitman Rosenmann | ||
| 260 | |a Madrid : |b Sequitur | ||
| 300 | |a 113 páginas | ||
| 500 | |a Diseminar 201006 | ||
| 520 | |a Este libro se constituye en un compendio de ensayos articulados a la construcción del concepto de democracia, en el marco de un capitalismo neoliberal que difumina y desligitima en su discurso cualquier alternativa críticamente orientada. El autor desarrolla en su primer artículo una crítica mordaz al concepto de democracia tan manipulado y definido en términos muy laxos en procura de su consumo en masa. En su segundo artículo describe el desarrollo del pensamiento neoliberal y su historia. En sus últimos dos escritos hace referencia al poder y la democracia en relación con las corrientes de izquierda en América Latina, y la capacidad que tenemos para generar alternativas en pos de la dignidad, la justicia social y la paz. | ||
| 590 | |a DISEMINAR042012/RRH/ABRIL2012 | ||
| 650 | |a DEMOCRACIA | ||
| 650 | |a POLITICA | ||
| 650 | |a NEOLIBERALISMO | ||
| 650 | |a CAPITALISMO | ||
| 650 | |a IZQUIERDA | ||
| 942 | |2 z |c LI |h 04.04.02 R741d |i 06834 |6 040402_R741D_06834 | ||
| 999 | |c 14144 |d 14144 | ||



